000 00352pam a2200157a 44500
008 230515b2009 xxu||||| |||| 00| 0 eng d
020 _aNULL
041 _aENGLISH
082 _a624.1580 DAS
100 _aDAS BRALA M
245 _aTEXT BOOK OF GEOTECHNICAL ENGINEERING
250 _a1
260 _a
_bNA
_c2009
300 _a567
650 _aNULL
999 _c637691
_d637691